| 000 | 00708nam a2200229 u 4500 | ||
|---|---|---|---|
| 005 | 20240910063934.0 | ||
| 008 | 150512s2004 mx r 000 0 spa d | ||
| 020 | _a9700317129 | ||
| 035 | _aUPN01000203395 | ||
| 049 | _aI | ||
| 050 | 4 |
_aPZ34.7 _bE5.5 |
|
| 100 | 1 |
_aEngels-Fietzek, Petra, _d1955- _937750 |
|
| 245 | 1 | 1 |
_a¿Más gatos para Lilí? / _cPetra Fietzaek ; il. Mechthild Weiling-Bäcker. |
| 260 |
_aMéxico : _bCalandria, _c2004. |
||
| 300 |
_a30 p. : _bil. col. |
||
| 440 | 0 | _aLecturas intermedias para niños | |
| 534 |
_pTitulo original: _tKatzenlilli |
||
| 650 | 4 |
_aCuentos infantiles alemanes _98589 |
|
| 650 | 4 |
_aCUENTOS HUMORISTICOS _911283 |
|
| 905 | _aInfantil | ||
| 999 |
_c175496 _d175496 |
||